al-Ẓāhir Barqūq, (Record no. 45931)

MARC details
000 -LEADER
fixed length control field 00722cam a22002291 4500
001 - CONTROL NUMBER
control field ne 63001086
003 - CONTROL NUMBER IDENTIFIER
control field DLC
005 - DATE AND TIME OF LATEST TRANSACTION
control field 20260227111746.0
008 - FIXED-LENGTH DATA ELEMENTS--GENERAL INFORMATION
fixed length control field 820520s1962 ua 000 0bararc
010 ## - LIBRARY OF CONGRESS CONTROL NUMBER
LC control number ne 63001086
035 ## - SYSTEM CONTROL NUMBER
System control number (OCoLC)8444510
040 ## - CATALOGING SOURCE
Original cataloging agency Princeton Univ. Libr.
Transcribing agency TU
Modifying agency TU
-- DLC
042 ## - AUTHENTICATION CODE
Authentication code premarc
050 00 - LIBRARY OF CONGRESS CALL NUMBER
Classification number PJ7832.I44
Item number Z2
100 1# - MAIN ENTRY--PERSONAL NAME
Personal name Ḥilmī, ʻUthmān.
245 13 - TITLE STATEMENT
Title al-Ẓāhir Barqūq,
Statement of responsibility, etc. taʼlīf ʻUthmān Ḥilmī.
260 ## - PUBLICATION, DISTRIBUTION, ETC.
Place of publication, distribution, etc. [al-Qāhirah,
Name of publisher, distributor, etc. al-Dār al-Qawmīyah lil-Ṭibāʻah wa-al-Nashr,
Date of publication, distribution, etc. 1962?]
300 ## - PHYSICAL DESCRIPTION
Extent 140 p.
Dimensions 24 cm.
490 0# - SERIES STATEMENT
Series statement al-Kitāb al-māsī.
500 ## - GENERAL NOTE
General note A drama.
600 10 - SUBJECT ADDED ENTRY--PERSONAL NAME
Personal name Barqūq, al-Malik al-Ẓāhir,
Titles and other words associated with a name Sultan of Egypt,
Dates associated with a name 1340 or 1341-1399
Form subdivision Drama.

No items available.

Powered by Koha